All Project Sekai Characters - Statistics

General Stats
  • This quiz has been taken 489 times
  • The average score is 24 of 26
Answer Stats
Characters % Correct
Hatsune Miku
100%
Kagamine Len
98%
Kagamine Rin
98%
KAITO
97%
Megurine Luka
97%
Emu Otori
96%
MEIKO
96%
Akito Shinonome
95%
Rui Kamishiro
95%
Toya Aoyagi
95%
Tsukasa Tenma
95%
An Shiraishi
94%
Mafuyu Asahina
94%
Ena Shinonome
93%
Kanade Yoisaki
93%
Nene Kusanagi
93%
Airi Momoi
92%
Kohane Azusawa
92%
Mizuki Akiyama
92%
Saki Tenma
92%
Minori Hanasato
91%
Shiho Hinomori
91%
Haruka Kiritani
90%
Ichika Hoshino
90%
Shizuku Hinomori
89%
Honami Mochizuki
88%
No matching quizzes found
Score Distribution
Percent of People with Each Score
Percentile by Number Answered
Your Score History
You have not taken this quiz